La isla de la Tortuga : (Registro nro. 21965)
[ vista simple ]
| 000 -CABECERA | |
|---|---|
| campo de control de longitud fija | 01245nam a2200277 a 4500 |
| 001 - NÚMERO DE CONTROL | |
| campo de control | 000022467 |
| 005 - FECHA Y HORA DE LA ÚLTIMA TRANSACCIÓN | |
| campo de control | 20211207131150.0 |
| 008 - DATOS DE LONGITUD FIJA--INFORMACIÓN GENERAL | |
| campo de control de longitud fija | 101011s1974 dr r 000 0 spa d |
| 040 ## - FUENTE DE LA CATALOGACIÓN | |
| Centro catalogador/agencia de origen | DO-SdBNP |
| Lengua de catalogación | spa |
| Centro/agencia transcriptor | BNPHU |
| 082 ## - NÚMERO DE LA CLASIFICACIÓN DECIMAL DEWEY | |
| Número de clasificación | 972.9402 |
| Número de documento/Ítem | P349i, 1974 |
| 100 1# - ENTRADA PRINCIPAL--NOMBRE DE PERSONA | |
| Nombre de persona | Peña Batle, Manuel Arturo |
| 9 (RLIN) | 46299 |
| 245 13 - MENCIÓN DE TÍTULO | |
| Título | La isla de la Tortuga : |
| Resto del título | plaza de armas, refugio seminario de los enemigos de España en Indias / |
| Mención de responsabilidad, etc. | Manuel Arturo Peña Batlle ; prólogo Manuel Aznar. |
| 260 ## - PUBLICACIÓN, DISTRIBUCIÓN, ETC. | |
| Lugar de publicación, distribución, etc. | Santo Domingo : |
| Nombre del editor, distribuidor, etc. | Sociedad Dominicana de Bibliófilos, |
| Fecha de publicación, distribución, etc. | 1974. |
| 300 ## - DESCRIPCIÓN FÍSICA | |
| Extensión | 271 p. ; |
| Dimensiones | 24 cm. |
| 490 1# - MENCIÓN DE SERIE | |
| Mención de serie | Cultura Dominicana |
| 500 ## - NOTA GENERAL | |
| Nota general | Incluye referencias bibliográficas y notas al pie de páginas |
| 500 ## - NOTA GENERAL | |
| Nota general | Estudio de algunas de las causas primeras y más importantes que determinaron la declinación del imperio español en América |
| 533 ## - NOTA DE REPRODUCCIÓN | |
| Tipo de reproducción | Facsím. |
| Lugar de la reproducción | Madrid |
| Institución responsable de la reproducción | Cultura Hispanica |
| Fecha de la reproducción | 1951 |
| 590 ## - NOTA LOCAL (RLIN) | |
| Nota local | Inventariado,2019/BT |
| 651 #0 - PUNTO DE ACCESO ADICIONAL DE MATERIA--NOMBRE GEOGRÁFICO | |
| Nombre geográfico | Tortura, Isla (Haití) |
| 9 (RLIN) | 46300 |
| 651 #4 - PUNTO DE ACCESO ADICIONAL DE MATERIA--NOMBRE GEOGRÁFICO | |
| Nombre geográfico | España |
| Subdivisión general | Colonias |
| Subdivisión geográfica | Américas |
| Subdivisión general | Historia |
| 9 (RLIN) | 46301 |
| 651 #4 - PUNTO DE ACCESO ADICIONAL DE MATERIA--NOMBRE GEOGRÁFICO | |
| Nombre geográfico | Isla Española (Haiti Y República Dominicana{Rpara} |
| Subdivisión general | Historia |
| 9 (RLIN) | 38883 |
| 700 12 - PUNTO DE ACCESO ADICIONAL--NOMBRE DE PERSONA | |
| Nombre de persona | Aznar, Manuel, |
| Término indicativo de función/relación | pról. |
| 9 (RLIN) | 27761 |
| 830 #0 - PUNTO DE ACCESO ADICIONAL DE SERIE-TÍTULO UNIFORME | |
| Título uniforme | Cultura Dominicana |
| 9 (RLIN) | 1708 |
| 910 ## - DATOS DE OPCIÓN DEL USUARIO (OCLC) | |
| Datos de opción del usuario | Validado. Control de calidad. MFF |
| Estado de retiro | Estado de pérdida | Restricciones de uso | No para préstamo | Código de colección | Localización permanente | Ubicación/localización actual | Ubicación en estantería | Fecha de adquisición | Número de inventario | Total de préstamos | Signatura topográfica completa | Código de barras | Fecha visto por última vez | Número de copia | Precio válido a partir de | Tipo de ítem Koha | Nota pública |
|---|---|---|---|---|---|---|---|---|---|---|---|---|---|---|---|---|---|
| Dominicana de Servicio | General | General | Depósito | 30.11.2010 | LF1 | 972.9402 P349i, 1974 | 22467-30 | 25.06.2020 | e.3 | 25.06.2020 | Libro y Folleto Colección Dominicana de Servicio | ||||||
| Dominicana de Servicio | General | General | Depósito | 30.11.2010 | LF1 | 972.9402 P349i, 1974 | 22467-40 | 25.06.2020 | e.4 | 25.06.2020 | Libro y Folleto Colección Dominicana de Servicio | Perteneció a la biblioteca personal de la familia Reyes Duluc. | |||||
| Extraviado | Dominicana de Servicio | General | General | Extraviado | 14.06.2011 | LF1 | 972.9402 P349i, 1974 | 22467-50 | 25.06.2020 | e.5 | 25.06.2020 | Libro y Folleto Colección Dominicana de Servicio | |||||
| Excluido de préstamo | Patrimonio Dominicano | Patrimonio Dominicano | Patrimonio Dominicano | Depósito | 11.10.2010 | LF1 | 972.9402 P349i, 1974 | 22467-10 | 25.06.2020 | 25.06.2020 | Libro y Folleto Colección Patrimonio Dominicano | ||||||
| Excluido de préstamo | Patrimonio Dominicano | Patrimonio Dominicano | Patrimonio Dominicano | Depósito | 13.10.2010 | LF1 | 972.9402 P349i, 1974 | 22467-20 | 25.06.2020 | e.2 | 25.06.2020 | Libro y Folleto Colección Patrimonio Dominicano |
